00543nam a22001692 4500001001100000005001700011008004100028020002800069040001500097050001800112245008900130260002600219300001600245650005300261700002800314700003100342000000481120151217151941.0070529s xx 000 0 eng d a0199631093 :cGBP 35.95 aKABUcKABU 0aQP356.2b.M6510aMolecular neurobiology :ba practical approach /ced. by John Chad and Howard Wheal. aOxford :bOUP,c1991. axx, 236 p. 0aMolecular neurobiologyxMethodology.@00001556331 aChad, John.@00001556291 aWheal, Howard.@0000155634